| 000 | 01183nam a2200277Ia 4500 | ||
|---|---|---|---|
| 003 | OSt | ||
| 005 | 20221005105728.0 | ||
| 006 | a|||||r|||| 00| 0 | ||
| 007 | ta | ||
| 008 | 221004b |||||||| |||| 00| 0 san d | ||
| 020 |
_a9788174534279 (hbk) _c1800 |
||
| 024 | _a19703 | ||
| 037 |
_b117, 21/03/2015, Mallika Books _cTextual |
||
| 040 |
_aCRL _cCRL _bsan |
||
| 041 |
_2san _asan |
||
| 082 | _aO15,1D40,1:g, Q3 | ||
| 100 | _aशास्त्री, सत्यव्रत | ||
| 245 | 0 |
_aरतिकेलि - कौमुदी _b रघुवंश - कलादीपशिखा |
|
| 246 | _aRatikeli - kaumudī: raghuvansha - kalādīpashikhā | ||
| 260 |
_aनई दिल्ली _bसंजय प्रकाशन भारत _c2013 |
||
| 300 |
_a227पृ0 _ccm. |
||
| 490 | _aकालिदास संस्कृत स›ीत कला एकेडमी ग्रन्थमाला; संख्या 24 | ||
| 650 | _aहिन्दी साहित्य | ||
| 942 |
_hO15,1D40,1:g, Q3 _cTEXL _2cc |
||
| 999 |
_c1016730 _d1016730 |
||